| 000 | 00346nam a2200121Ia 4500 | ||
|---|---|---|---|
| 005 | 20260326100032.0 | ||
| 008 | 260326s9999||||xx |||||||||||||| ||und|| | ||
| 100 | _ade Mesa, José | ||
| 245 | 0 |
_aContribuciones al Estudio de la Arquitectura Andina / _cJosé de Mesa |
|
| 260 | _bFraficos Bolivarianos | ||
| 650 | _aARQUITECTURA REGIONAL | ||
| 942 | _cBK | ||
| 999 |
_c6635 _d6635 |
||